<?xml version="1.0" encoding="UTF-8"?>
<record
    xmlns:xsi="http://www.w3.org/2001/XMLSchema-instance"
    xsi:schemaLocation="http://www.loc.gov/MARC21/slim http://www.loc.gov/standards/marcxml/schema/MARC21slim.xsd"
    xmlns="http://www.loc.gov/MARC21/slim">

  <leader>01691nam a22002297a 4500</leader>
  <controlfield tag="003">OSt</controlfield>
  <controlfield tag="005">20250528093527.0</controlfield>
  <controlfield tag="008">230818b2022    ag ||||| |||| 00| 0 spa d</controlfield>
  <datafield tag="020" ind1=" " ind2=" ">
    <subfield code="a">9789876429740</subfield>
  </datafield>
  <datafield tag="040" ind1=" " ind2=" ">
    <subfield code="b">spa</subfield>
    <subfield code="c">Besoc</subfield>
  </datafield>
  <datafield tag="245" ind1="0" ind2="0">
    <subfield code="a">Lengua y literatura III :</subfield>
    <subfield code="b">pr&#xE1;cticas del lenguaje /</subfield>
    <subfield code="c">Tamara Agazzi ... [et al.]</subfield>
  </datafield>
  <datafield tag="250" ind1=" " ind2=" ">
    <subfield code="a">1a ed.</subfield>
  </datafield>
  <datafield tag="260" ind1=" " ind2=" ">
    <subfield code="a">Buenos Aires :</subfield>
    <subfield code="b">Edelvives,</subfield>
    <subfield code="c">2022</subfield>
  </datafield>
  <datafield tag="300" ind1=" " ind2=" ">
    <subfield code="a">64 p.</subfield>
  </datafield>
  <datafield tag="490" ind1=" " ind2=" ">
    <subfield code="3">Convergente</subfield>
  </datafield>
  <datafield tag="505" ind1="0" ind2=" ">
    <subfield code="a">Bloque 1. Literatura: Realidades y ficciones; Policiales y atm&#xF3;sferas; Fantas&#xED;as y miedos; Futuros y opciones; Intimidades g&#xF3;ticas y rosas; Humorismos en escenarios y versos -- Bloque 2. Pr&#xE1;cticas del lenguaje, g&#xE9;neros discursivos: El relato de viaje, un texto narrativo y descriptivo; El testimonio, un texto narrativo y descriptivo; El art&#xED;culo de divulgaci&#xF3;n cient&#xED;fica, un texto expositivo explicativo; La rese&#xF1;a literaria, un texto argumentativo; El ensayo, un texto argumentativo; El discurso publicitario, un texto argumentativo; Proyectos para la formaci&#xF3;n ciudadana -- Bloque 3. Herramientas de la lengua, uso y reflexi&#xF3;n: La comunicaci&#xF3;n; La oraci&#xF3;n; Las construcciones sustantivas y adjetivas; La construcci&#xF3;n verbal; El pronombre; Los Verboides y las frases verbales; Las proposiciones incluidas adjetivas; Las proposiciones incluidas sustantivas; Las proporciones adverbiales I; La expresi&#xF3;n de la modalidad; Las proposiciones adverbiales II; El texto -- Bibliograf&#xED;a.-</subfield>
  </datafield>
  <datafield tag="650" ind1=" " ind2=" ">
    <subfield code="a">Ense&#xF1;anza de la lengua</subfield>
    <subfield code="x">Ense&#xF1;anza de la literatura</subfield>
    <subfield code="x">Educaci&#xF3;n secundaria</subfield>
    <subfield code="v">Libros de texto</subfield>
  </datafield>
  <datafield tag="700" ind1="1" ind2=" ">
    <subfield code="a">Agazzi, Tamara</subfield>
    <subfield code="e">autor</subfield>
  </datafield>
  <datafield tag="700" ind1="1" ind2=" ">
    <subfield code="a">Franco, Emmanuel</subfield>
    <subfield code="e">autor</subfield>
  </datafield>
  <datafield tag="700" ind1="1" ind2=" ">
    <subfield code="a">Solim&#xF3;, Laura</subfield>
    <subfield code="e">autor</subfield>
  </datafield>
  <datafield tag="942" ind1=" " ind2=" ">
    <subfield code="2">udc</subfield>
    <subfield code="c">LPD</subfield>
    <subfield code="n">0</subfield>
  </datafield>
  <datafield tag="999" ind1=" " ind2=" ">
    <subfield code="c">44</subfield>
    <subfield code="d">44</subfield>
  </datafield>
  <datafield tag="952" ind1=" " ind2=" ">
    <subfield code="0">0</subfield>
    <subfield code="1">0</subfield>
    <subfield code="2">udc</subfield>
    <subfield code="4">0</subfield>
    <subfield code="7">0</subfield>
    <subfield code="8">CG</subfield>
    <subfield code="a">ESOCIALES</subfield>
    <subfield code="b">ESOCIALES</subfield>
    <subfield code="d">2023-08-25</subfield>
    <subfield code="l">0</subfield>
    <subfield code="o">80(07) L566 Caja Lengua</subfield>
    <subfield code="p">000763</subfield>
    <subfield code="r">2023-08-25 00:00:00</subfield>
    <subfield code="t">1</subfield>
    <subfield code="w">2023-08-25</subfield>
    <subfield code="y">LPD</subfield>
  </datafield>
  <datafield tag="952" ind1=" " ind2=" ">
    <subfield code="0">0</subfield>
    <subfield code="1">0</subfield>
    <subfield code="2">udc</subfield>
    <subfield code="4">0</subfield>
    <subfield code="7">0</subfield>
    <subfield code="8">CG</subfield>
    <subfield code="a">ESOCIALES</subfield>
    <subfield code="b">ESOCIALES</subfield>
    <subfield code="d">2023-08-25</subfield>
    <subfield code="l">0</subfield>
    <subfield code="o">80(07) L566 Caja Lengua</subfield>
    <subfield code="p">000764</subfield>
    <subfield code="r">2023-08-25 00:00:00</subfield>
    <subfield code="t">2</subfield>
    <subfield code="w">2023-08-25</subfield>
    <subfield code="y">LPD</subfield>
  </datafield>
  <datafield tag="952" ind1=" " ind2=" ">
    <subfield code="0">0</subfield>
    <subfield code="1">0</subfield>
    <subfield code="2">udc</subfield>
    <subfield code="4">0</subfield>
    <subfield code="7">0</subfield>
    <subfield code="8">CG</subfield>
    <subfield code="a">ESOCIALES</subfield>
    <subfield code="b">ESOCIALES</subfield>
    <subfield code="d">2023-08-25</subfield>
    <subfield code="l">0</subfield>
    <subfield code="o">80(07) L566 Caja Lengua Depos.</subfield>
    <subfield code="p">000765</subfield>
    <subfield code="r">2023-08-25 00:00:00</subfield>
    <subfield code="t">3</subfield>
    <subfield code="w">2023-08-25</subfield>
    <subfield code="y">LPD</subfield>
  </datafield>
  <datafield tag="952" ind1=" " ind2=" ">
    <subfield code="0">0</subfield>
    <subfield code="1">0</subfield>
    <subfield code="2">udc</subfield>
    <subfield code="4">0</subfield>
    <subfield code="7">0</subfield>
    <subfield code="8">CG</subfield>
    <subfield code="a">ESOCIALES</subfield>
    <subfield code="b">ESOCIALES</subfield>
    <subfield code="d">2023-08-25</subfield>
    <subfield code="l">0</subfield>
    <subfield code="o">80(07) L566 Caja Lengua Depos.</subfield>
    <subfield code="p">000766</subfield>
    <subfield code="r">2023-08-25 00:00:00</subfield>
    <subfield code="t">4</subfield>
    <subfield code="w">2023-08-25</subfield>
    <subfield code="y">LPD</subfield>
  </datafield>
  <datafield tag="952" ind1=" " ind2=" ">
    <subfield code="0">0</subfield>
    <subfield code="1">0</subfield>
    <subfield code="2">udc</subfield>
    <subfield code="4">0</subfield>
    <subfield code="7">0</subfield>
    <subfield code="8">CG</subfield>
    <subfield code="a">ESOCIALES</subfield>
    <subfield code="b">ESOCIALES</subfield>
    <subfield code="d">2023-08-25</subfield>
    <subfield code="l">0</subfield>
    <subfield code="o">80(07) L566 Caja Lengua Depos.</subfield>
    <subfield code="p">000767</subfield>
    <subfield code="r">2023-08-25 00:00:00</subfield>
    <subfield code="t">5</subfield>
    <subfield code="w">2023-08-25</subfield>
    <subfield code="y">LPD</subfield>
  </datafield>
  <datafield tag="952" ind1=" " ind2=" ">
    <subfield code="0">0</subfield>
    <subfield code="1">0</subfield>
    <subfield code="2">udc</subfield>
    <subfield code="4">0</subfield>
    <subfield code="7">0</subfield>
    <subfield code="8">CG</subfield>
    <subfield code="a">ESOCIALES</subfield>
    <subfield code="b">ESOCIALES</subfield>
    <subfield code="d">2023-08-25</subfield>
    <subfield code="l">0</subfield>
    <subfield code="o">80(07) L566 Caja Lengua Depos.</subfield>
    <subfield code="p">000768</subfield>
    <subfield code="r">2023-08-25 00:00:00</subfield>
    <subfield code="t">6</subfield>
    <subfield code="w">2023-08-25</subfield>
    <subfield code="y">LPD</subfield>
  </datafield>
  <datafield tag="952" ind1=" " ind2=" ">
    <subfield code="0">0</subfield>
    <subfield code="1">0</subfield>
    <subfield code="2">udc</subfield>
    <subfield code="4">0</subfield>
    <subfield code="7">0</subfield>
    <subfield code="8">CG</subfield>
    <subfield code="a">ESOCIALES</subfield>
    <subfield code="b">ESOCIALES</subfield>
    <subfield code="d">2023-08-25</subfield>
    <subfield code="l">0</subfield>
    <subfield code="o">80(07) L566 Caja Lengua Depos.</subfield>
    <subfield code="p">000770</subfield>
    <subfield code="r">2023-08-25 00:00:00</subfield>
    <subfield code="t">8</subfield>
    <subfield code="w">2023-08-25</subfield>
    <subfield code="y">LPD</subfield>
  </datafield>
  <datafield tag="952" ind1=" " ind2=" ">
    <subfield code="0">0</subfield>
    <subfield code="1">0</subfield>
    <subfield code="2">udc</subfield>
    <subfield code="4">0</subfield>
    <subfield code="7">0</subfield>
    <subfield code="8">CG</subfield>
    <subfield code="a">ESOCIALES</subfield>
    <subfield code="b">ESOCIALES</subfield>
    <subfield code="d">2023-08-25</subfield>
    <subfield code="l">0</subfield>
    <subfield code="o">80(07) L566 Caja Lengua Depos.</subfield>
    <subfield code="p">000771</subfield>
    <subfield code="r">2023-08-25 00:00:00</subfield>
    <subfield code="t">9</subfield>
    <subfield code="w">2023-08-25</subfield>
    <subfield code="y">LPD</subfield>
  </datafield>
  <datafield tag="952" ind1=" " ind2=" ">
    <subfield code="0">0</subfield>
    <subfield code="1">0</subfield>
    <subfield code="2">udc</subfield>
    <subfield code="4">0</subfield>
    <subfield code="7">0</subfield>
    <subfield code="8">CG</subfield>
    <subfield code="a">ESOCIALES</subfield>
    <subfield code="b">ESOCIALES</subfield>
    <subfield code="d">2023-08-25</subfield>
    <subfield code="l">0</subfield>
    <subfield code="o">80(07) L566 Caja Lengua Depos.</subfield>
    <subfield code="p">000772</subfield>
    <subfield code="r">2023-08-25 00:00:00</subfield>
    <subfield code="t">10</subfield>
    <subfield code="w">2023-08-25</subfield>
    <subfield code="y">LPD</subfield>
  </datafield>
  <datafield tag="952" ind1=" " ind2=" ">
    <subfield code="0">0</subfield>
    <subfield code="1">0</subfield>
    <subfield code="2">udc</subfield>
    <subfield code="4">0</subfield>
    <subfield code="7">0</subfield>
    <subfield code="8">CG</subfield>
    <subfield code="a">ESOCIALES</subfield>
    <subfield code="b">ESOCIALES</subfield>
    <subfield code="d">2023-08-25</subfield>
    <subfield code="l">0</subfield>
    <subfield code="o">80(07) L566 Caja Lengua Depos.</subfield>
    <subfield code="p">000773</subfield>
    <subfield code="r">2023-08-25 00:00:00</subfield>
    <subfield code="t">11</subfield>
    <subfield code="w">2023-08-25</subfield>
    <subfield code="y">LPD</subfield>
  </datafield>
  <datafield tag="952" ind1=" " ind2=" ">
    <subfield code="0">0</subfield>
    <subfield code="1">0</subfield>
    <subfield code="2">udc</subfield>
    <subfield code="4">0</subfield>
    <subfield code="7">0</subfield>
    <subfield code="8">CG</subfield>
    <subfield code="a">ESOCIALES</subfield>
    <subfield code="b">ESOCIALES</subfield>
    <subfield code="d">2023-08-25</subfield>
    <subfield code="l">0</subfield>
    <subfield code="o">80(07) L566 Caja Lengua Depos.</subfield>
    <subfield code="p">000774</subfield>
    <subfield code="r">2023-08-25 00:00:00</subfield>
    <subfield code="t">12</subfield>
    <subfield code="w">2023-08-25</subfield>
    <subfield code="y">LPD</subfield>
  </datafield>
  <datafield tag="952" ind1=" " ind2=" ">
    <subfield code="0">0</subfield>
    <subfield code="1">0</subfield>
    <subfield code="2">udc</subfield>
    <subfield code="4">0</subfield>
    <subfield code="7">0</subfield>
    <subfield code="8">CG</subfield>
    <subfield code="a">ESOCIALES</subfield>
    <subfield code="b">ESOCIALES</subfield>
    <subfield code="d">2023-08-25</subfield>
    <subfield code="l">0</subfield>
    <subfield code="o">80(07) L566 Caja Lengua Depos.</subfield>
    <subfield code="p">000775</subfield>
    <subfield code="r">2023-08-25 00:00:00</subfield>
    <subfield code="t">13</subfield>
    <subfield code="w">2023-08-25</subfield>
    <subfield code="y">LPD</subfield>
  </datafield>
  <datafield tag="952" ind1=" " ind2=" ">
    <subfield code="0">0</subfield>
    <subfield code="1">0</subfield>
    <subfield code="2">udc</subfield>
    <subfield code="4">0</subfield>
    <subfield code="7">0</subfield>
    <subfield code="8">CG</subfield>
    <subfield code="a">ESOCIALES</subfield>
    <subfield code="b">ESOCIALES</subfield>
    <subfield code="d">2023-08-25</subfield>
    <subfield code="l">1</subfield>
    <subfield code="o">80(07) L566 Caja Lengua Depos.</subfield>
    <subfield code="p">000769</subfield>
    <subfield code="q">2026-05-29</subfield>
    <subfield code="r">2025-05-28 12:04:36</subfield>
    <subfield code="s">2025-05-28</subfield>
    <subfield code="t">7</subfield>
    <subfield code="w">2023-08-25</subfield>
    <subfield code="y">LPD</subfield>
  </datafield>
</record>
